Top 30 Rappers of All Time - Statistics

General Stats
  • This quiz has been taken 105 times
  • The average score is 15 of 30
Answer Stats
Rank Name % Correct
15 Eazy-E
98%
2 Eminem
91%
1 Tupac Shakur
90%
3 The Notorious B.I.G.
88%
11 Jay-Z
83%
8 Snoop Dogg
76%
5 Dr. Dre
75%
6 Ice Cube
75%
12 Kanye West
75%
16 Drake
69%
14 50 Cent
65%
10 Lil Wayne
61%
4 Kendrick Lamar
59%
7 Nas
56%
27 Wiz Khalifa
41%
18 Travis Scott
38%
29 Juice Wrld
33%
13 André 3000
31%
9 J. Cole
30%
17 Nicki Minaj
30%
22 Tyler, the Creator
30%
20 ASAP Rocky
29%
21 XXXTentacion
29%
26 MF DOOM
25%
25 Royce Da 5'9"
25%
30 Mac Miller
23%
28 Nate Dogg
18%
19 Kid Cudi
13%
23 Logic
13%
24 Childish Gambino
8%
No matching quizzes found
Score Distribution
Percent of People with Each Score
Percentile by Number Answered
Your Score History
You have not taken this quiz